| 000 | 00459cam a2200193ua 4500 | ||
|---|---|---|---|
| 020 | _c55.00 | ||
| 041 |
_aeng _h |
||
| 082 |
_a515.8 _bSHA/RE |
||
| 100 | _aSharma, J N . | ||
| 245 |
_aReal analysis / _cJ N Sharma. _hTextual Documents |
||
| 250 |
_a1 / _b. |
||
| 260 |
_aMeerut : _bKrishna Prakashan Mandir , _c1991. |
||
| 300 | _a608 ; . | ||
| 365 | _a55.00 | ||
| 504 | _a | ||
| 700 | 1 | _aVashishta, A R . | |
| 942 | _cBK | ||
| 999 |
_c9909 _d9909 |
||